<?xml version="1.0" encoding="UTF-8"?>
<collection xmlns="http://www.loc.gov/MARC21/slim">
 <record>
  <leader>00908nam a2200181 a 4500</leader>
  <controlfield tag="008">090517s2002    bg a          100 0 eng d</controlfield>
  <datafield tag="082" ind1="0" ind2="0">
   <subfield code="a">624.5492</subfield>
   <subfield code="2">21</subfield>
  </datafield>
  <datafield tag="110" ind1="1" ind2=" ">
   <subfield code="a">Government of the Peoples Republic of Bangladesh</subfield>
   <subfield code="b">Public Works Department</subfield>
   <subfield code="c">Bangladesh</subfield>
  </datafield>
  <datafield tag="245" ind1="1" ind2="0">
   <subfield code="a">Analysis of schedule of rates for civil works /</subfield>
   <subfield code="c">Public Works Department</subfield>
  </datafield>
  <datafield tag="250" ind1=" " ind2=" ">
   <subfield code="a">10th ed.</subfield>
  </datafield>
  <datafield tag="260" ind1=" " ind2=" ">
   <subfield code="a">Dhaka: </subfield>
   <subfield code="b">Public Works Department</subfield>
   <subfield code="c">2002.</subfield>
  </datafield>
  <datafield tag="300" ind1=" " ind2=" ">
   <subfield code="a">xxiii,828 p. : </subfield>
   <subfield code="b">ill. ; </subfield>
   <subfield code="c">27 cm.</subfield>
  </datafield>
  <datafield tag="541" ind1="1" ind2=" ">
   <subfield code="e">00008813</subfield>
  </datafield>
  <datafield tag="650" ind1=" " ind2="0">
   <subfield code="a">Civil engineering</subfield>
   <subfield code="z">Bangladesh</subfield>
  </datafield>
  <datafield tag="710" ind1="2" ind2=" ">
   <subfield code="a">Government of the Peoples Republic of Bangladesh</subfield>
   <subfield code="b">Public Works Department</subfield>
   <subfield code="c">Bangladesh</subfield>
  </datafield>
  <datafield tag="852" ind1="4" ind2=" ">
   <subfield code="a">Ayesha Abed Library</subfield>
   <subfield code="j">Generalshelf </subfield>
  </datafield>
  <datafield tag="999" ind1=" " ind2=" ">
   <subfield code="c">821</subfield>
   <subfield code="d">821</subfield>
  </datafield>
  <datafield tag="952" ind1=" " ind2=" ">
   <subfield code="0">0</subfield>
   <subfield code="1">0</subfield>
   <subfield code="2">ddc</subfield>
   <subfield code="4">0</subfield>
   <subfield code="6">624_549200000000000_GOV_2002</subfield>
   <subfield code="7">0</subfield>
   <subfield code="8">NFIC</subfield>
   <subfield code="9">762</subfield>
   <subfield code="a">BRACUL</subfield>
   <subfield code="b">BRACUL</subfield>
   <subfield code="c">GEN</subfield>
   <subfield code="d">2009-05-19</subfield>
   <subfield code="g">0.00</subfield>
   <subfield code="l">3</subfield>
   <subfield code="m">1</subfield>
   <subfield code="o">624.5492 GOV</subfield>
   <subfield code="p">3010008813</subfield>
   <subfield code="r">2018-07-26</subfield>
   <subfield code="s">2018-07-21</subfield>
   <subfield code="t">1</subfield>
   <subfield code="w">2009-05-19</subfield>
   <subfield code="y">BK</subfield>
   <subfield code="x">No price found in the accession register.</subfield>
  </datafield>
 </record>
</collection>
